• 首页
  • 本馆介绍
  • 公告通知
  • 最新文献
  • 馆藏检索
  • 电子资源
  • 读者导购
  • 参考咨询
  • 我的图书馆
  • 登录
  • 详细信息显示
  • 放入我的书架
  • 预约/预借图书
  • 作者相关作品
  • 分类相关作品
  • 丛书相关作品
  • 出版社相关作品

书目信息

  • 表格格式
  • 工作单格式
  • 卡片格式
题名:
精益化工
    
 
作者: 夏岚 编著
分册:  
出版信息: 北京   化学工业出版社  2021.06
页数: 314页
开本: 24cm
丛书名:
单 册:
中图分类: F407.706 , F407
科图分类:
主题词: 化工企业--hua gong qi ye--工业企业管理
电子资源:
ISBN: 978-7-122-38987-9
000 01225nam0 2200265 450
001 2256051838
005 20221004153445.98
010    @a978-7-122-38987-9@dCNY88.00
100    @a20210702d2021 em y0chiy50 ea
101 0  @achi
102    @aCN@b110000
105    @aak a 000yy
200 1  @a精益化工@Ajing yi hua gong@e精益管理在化工行业的实践@f夏岚编著
210    @a北京@c化学工业出版社@d2021.06
215    @a314页@c图@d24cm@e图纸1套
314    @a夏岚, 精化软件创始人、总经理等。
320    @a有书目 (第310页)
330    @a本书主要以5W1H (What、Why、Who、Where、When、How) 逻辑结构全面介绍精益塔。书中提供了一批精益工具方法, 简要介绍了多个精益工具、方法, 可供读者参考并实践运用, 同时结合一些实际案例, 分享作者10年来在化工一线从事精益管理过程中亲身经历和组织进行大量实践后的心得, 期望给予致力于化工行业及其他相关行业开展精益工作的人士以有益的借鉴, 为精益管理在化工行业的更好发展提供有益帮助, 为我国早日成为化工强国起到一臂之力。
517 1  @a精益管理在化工行业的实践@Ajing yi guan li zai hua gong hang ye de shi jian
606 0  @a化工企业@Ahua gong qi ye@x工业企业管理
690    @aF407.706@v5
690    @aF407@v4
701  0 @a夏岚@Axia lan@4编著
801  0 @aCN@b人天书店@c20210702
905    @aZUCC@dF407@e3
    
    精益化工:精益管理在化工行业的实践/夏岚编著.-北京:化学工业出版社,2021.06
    314页:图;24cm+图纸1套
    
    
    ISBN 978-7-122-38987-9:CNY88.00
    本书主要以5W1H (What、Why、Who、Where、When、How) 逻辑结构全面介绍精益塔。书中提供了一批精益工具方法, 简要介绍了多个精益工具、方法, 可供读者参考并实践运用, 同时结合一些实际案例, 分享作者10年来在化工一线从事精益管理过程中亲身经历和组织进行大量实践后的心得, 期望给予致力于化工行业及其他相关行业开展精益工作的人士以有益的借鉴, 为精益管理在化工行业的更好发展提供有益帮助, 为我国早日成为化工强国起到一臂之力。
●
相关链接 在五车中查询图书 在当当中查询图书 在豆瓣中查询图书


正题名:精益化工     索取号:F407/3         预约/预借

序号 登录号 条形码 馆藏地/架位号 状态 备注
1 2000911192   2000911192   第三书库/ [索取号:F407/3] 在馆    
2 2000911193   2000911193   第三书库/ [索取号:F407/3] 在馆    
3 2000911194   2000911194   第三书库/ [索取号:F407/3] 在馆    
山东省滨州职业学院图书馆 欢迎您!
大连网信软件有限公司© 版权所有